Every UCL Final Runner Up - Statistics

General Stats
  • This quiz has been taken 153 times
    77 since last reset
  • The average score is 39 of 69
Answer Stats
Year Answer % Correct
2013 Borussia Dortmund
93%
2024 Borussia Dortmund
93%
1967 Inter Milan
90%
1972 Inter Milan
90%
2023 Inter Milan
90%
1973 Juventus
89%
1983 Juventus
89%
1997 Juventus
89%
1998 Juventus
89%
2003 Juventus
89%
2015 Juventus
89%
2017 Juventus
89%
1985 Liverpool
89%
2007 Liverpool
89%
2018 Liverpool
89%
2022 Liverpool
89%
2020 PSG
84%
1962 Real Madrid
84%
1964 Real Madrid
84%
1981 Real Madrid
84%
1982 Bayern Munich
80%
1987 Bayern Munich
80%
1999 Bayern Munich
80%
2010 Bayern Munich
80%
2012 Bayern Munich
80%
2019 Tottenham
79%
2021 Man City
77%
2008 Chelsea
75%
1958 AC Milan
74%
1993 AC Milan
74%
1995 AC Milan
74%
2005 AC Milan
74%
1961 Barcelona
72%
1986 Barcelona
72%
1994 Barcelona
72%
2006 Arsenal
64%
1963 Benfica
54%
1965 Benfica
54%
1968 Benfica
54%
1988 Benfica
54%
1990 Benfica
54%
2004 AS Monaco
48%
1969 Ajax
46%
1996 Ajax
46%
2000 Valencia
43%
2001 Valencia
43%
1974 Athletico Madrid
36%
2014 Athletico Madrid
36%
2016 Athletico Madrid
36%
1970 Celtic
34%
2002 Leverkusen
34%
1991 Marseille
33%
1957 Fiorentina
28%
1984 Roma
28%
2009 Man Utd
25%
2011 Man Utd
25%
1956 Reims
20%
1959 Reims
20%
1960 Frankfurt
16%
1980 Hamburg
16%
1992 Sampdoria
16%
1978 Club Brugge
15%
1975 Leeds
13%
1977 Monchengladbach
13%
1966 Partizan
8%
1989 FCSB
3%
1979 Malmö
3%
1976 Saint Ettiene
2%
1971 Panathainkios
0%
No matching quizzes found
Score Distribution
Percent of People with Each Score
Percentile by Number Answered
Your Score History
You have not taken this quiz since the last reset